[Event "ODJM A 2019"]
[Site "Willingen GER"]
[Date "2019.06.09"]
[Round "1"]
[White "Hesse, Henrik"]
[Black "Martin, Richard"]
[Result "1-0"]
[Termination "normal"]
[Board "5"]
[WhiteElo "2166"]
[BlackElo "1951"]
[WhiteClock "00:05:00"]
[BlackClock "00:27:51"]
[PlyCount "169"]
[WhiteFideId "12952060"]
[BlackFideId "12925691"]
[EventCountry "GER"]
[EventRounds "9"]
[EventType "swiss"]
[EventDate "2019.06.08"]

1. c4 {[%clk 1:30:53]} 1... Nf6 {[%clk 1:30:49]} 2. g3 {[%clk 1:31:05]} 2... g6
{[%clk 1:31:11]} 3. Bg2 {[%clk 1:31:02]} 3... Bg7 {[%clk 1:31:35]} 4. Nc3 {
[%clk 1:31:01]} 4... O-O {[%clk 1:31:58]} 5. e3 {[%clk 1:29:23]} 5... d6 {
[%clk 1:31:48]} 6. Nge2 {[%clk 1:29:08]} 6... e5 {[%clk 1:31:28]} 7. O-O {
[%clk 1:28:07]} 7... c6 {[%clk 1:31:11]} 8. d3 {[%clk 1:21:52]} 8... Be6 {
[%clk 1:31:09]} 9. b3 {[%clk 1:03:52]} 9... d5 {[%clk 1:21:56]} 10. Bb2 { [%clk
1:00:10]} 10... Na6 {[%clk 1:18:39]} 11. cxd5 {[%clk 0:51:34]} 11... Nxd5
{[%clk 1:12:50]} 12. Nxd5 {[%clk 0:44:10]} 12... Bxd5 {[%clk 1:13:08]} 13. e4 {
[%clk 0:43:17]} 13... Be6 {[%clk 1:13:14]} 14. d4 {[%clk 0:42:24]} 14... exd4 {
[%clk 1:13:31]} 15. Bxd4 {[%clk 0:40:39]} 15... Qc8 {[%clk 1:09:03]} 16. Bxg7 {
[%clk 0:36:26]} 16... Kxg7 {[%clk 1:08:59]} 17. Qd4+ {[%clk 0:36:20]} 17... Kg8
{[%clk 1:07:55]} 18. Nf4 {[%clk 0:31:34]} 18... Rd8 {[%clk 1:06:28]} 19. Qc3 {
[%clk 0:25:57]} 19... Qd7 {[%clk 1:05:39]} 20. Qf6 {[%clk 0:22:34]} 20... Qd4 {
[%clk 1:02:37]} 21. e5 {[%clk 0:17:12]} 21... Bf5 {[%clk 1:01:40]} 22. Nh5 {
[%clk 0:07:01]} 22... gxh5 {[%clk 1:02:04]} 23. Qxf5 {[%clk 0:07:29]} 23... Qg4
{[%clk 1:02:22]} 24. Qf6 {[%clk 0:05:39]} 24... Qg6 {[%clk 0:58:31]} 25. Qe7 {
[%clk 0:05:29]} 25... Rab8 {[%clk 0:51:18]} 26. Rfe1 {[%clk 0:04:21]} 26... Re8
{[%clk 0:51:30]} 27. Qh4 {[%clk 0:04:07]} 27... Qg4 {[%clk 0:51:14]} 28. Qf6 {
[%clk 0:02:59]} 28... Qg6 {[%clk 0:38:38]} 29. Qf3 {[%clk 0:02:32]} 29... Nc5 {
[%clk 0:38:15]} 30. Qc3 {[%clk 0:02:40]} 30... Ne6 {[%clk 0:37:28]} 31. Rad1 {
[%clk 0:01:24]} 31... Rbd8 {[%clk 0:32:36]} 32. Rd6 {[%clk 0:01:45]} 32... Rxd6
{[%clk 0:29:31]} 33. exd6 {[%clk 0:02:14]} 33... Rd8 {[%clk 0:29:33]} 34. Qe5 {
[%clk 0:02:17]} 34... Ng7 {[%clk 0:25:59]} 35. Rd1 {[%clk 0:00:54]} 35... Qe6 {
[%clk 0:25:46]} 36. f4 {[%clk 0:00:48]} 36... Qxe5 {[%clk 0:18:07]} 37. fxe5 {
[%clk 0:01:17]} 37... f6 {[%clk 0:15:27]} 38. exf6 {[%clk 0:01:24]} 38... Ne8 {
[%clk 0:15:51]} 39. Rf1 {[%clk 0:00:35]} 39... Kf7 {[%clk 0:16:07]} 40. Bf3 {
[%clk 0:00:36]} 40... Nxf6 {[%clk 0:15:41]} 41. Bxh5+ {[%clk 0:26:44]} 41...
Ke6 {[%clk 0:45:44]} 42. Re1+ {[%clk 0:25:02]} 42... Kxd6 {[%clk 0:45:42]} 43.
Bf7 {[%clk 0:23:36]} 43... Nd5 {[%clk 0:45:43]} 44. Re6+ {[%clk 0:21:06]} 44...
Kc5 {[%clk 0:46:03]} 45. Rh6 {[%clk 0:21:06]} 45... Rd7 {[%clk 0:41:10]} 46.
Bg8 {[%clk 0:18:36]} 46... Nc3 {[%clk 0:40:04]} 47. Rxh7 {[%clk 0:17:52]} 47...
Rxh7 {[%clk 0:39:45]} 48. Bxh7 {[%clk 0:18:15]} 48... Nxa2 {[%clk 0:40:12]} 49.
Kf2 {[%clk 0:16:06]} 49... Kd6 {[%clk 0:39:30]} 50. Ke3 {[%clk 0:13:46]} 50...
Ke5 {[%clk 0:39:04]} 51. Bg8 {[%clk 0:12:18]} 51... Nc3 {[%clk 0:38:03]} 52. h4
{[%clk 0:11:24]} 52... Ne4 {[%clk 0:36:06]} 53. Kf3 {[%clk 0:11:15]} 53... Nd2+
{[%clk 0:30:33]} 54. Kg4 {[%clk 0:09:24]} 54... Kf6 {[%clk 0:30:57]} 55. Kf4 {
[%clk 0:09:09]} 55... Kg7 {[%clk 0:31:04]} 56. Be6 {[%clk 0:08:37]} 56... Kf6 {
[%clk 0:31:10]} 57. Bc8 {[%clk 0:08:24]} 57... Nxb3 {[%clk 0:31:17]} 58. Bxb7 {
[%clk 0:08:31]} 58... Nd4 {[%clk 0:30:04]} 59. g4 {[%clk 0:06:37]} 59... Ne6+ {
[%clk 0:28:56]} 60. Ke3 {[%clk 0:06:59]} 60... c5 {[%clk 0:27:50]} 61. Bd5 {
[%clk 0:05:00]} 61... Ng7 {[%clk 0:27:51]} 62. Ke4 Kg6 63. Ke5 Nh5 64. g5 a5
65. Be4+ Kg7 66. Bc2 Ng3 67. Kd5 a4 68. Bxa4 Nf5 69. h5 Nh6 70. Be8 Nf5 71.
Kxc5 Kf8 72. Bg6 Nh6 73. Kd5 Kg7 74. Ke6 Ng4 75. Be8 Nh6 76. Ke5 Ng4+ 77. Kf4
Nh6 78. Bg6 Ng8 79. Bd3 Nh6 80. Bc4 Kh7 81. g6+ Kg7 82. Kg5 Kh8 83. Bd5 Kg7 84.
Be6 Kh8 85. Kf6 1-0

[Event "ODJM A 2019"]
[Site "Willingen GER"]
[Date "2019.06.09"]
[Round "1"]
[White "Weber, Samuel"]
[Black "Meiwes, Thore"]
[Result "1-0"]
[Termination "normal"]
[Board "7"]
[WhiteElo "2160"]
[BlackElo "1933"]
[WhiteClock "00:20:00"]
[BlackClock "00:17:12"]
[PlyCount "71"]
[WhiteFideId "12924008"]
[BlackFideId "16201256"]
[EventCountry "GER"]
[EventRounds "9"]
[EventType "swiss"]
[EventDate "2019.06.08"]

1. e4 {[%clk 1:30:48]} 1... c5 {[%clk 1:30:51]} 2. Nf3 {[%clk 1:30:49]} 2...
Nc6 {[%clk 1:31:15]} 3. b3 {[%clk 1:30:18]} 3... d6 {[%clk 1:29:44]} 4. Bb2 {
[%clk 1:27:13]} 4... e5 {[%clk 1:30:01]} 5. Bb5 {[%clk 1:17:34]} 5... Nf6 {
[%clk 1:29:47]} 6. Bxc6+ {[%clk 1:16:56]} 6... bxc6 {[%clk 1:30:13]} 7. d3 {
[%clk 1:17:15]} 7... Be7 {[%clk 1:29:55]} 8. Nbd2 {[%clk 1:14:28]} 8... O-O {
[%clk 1:30:13]} 9. h3 {[%clk 1:14:47]} 9... Ne8 {[%clk 1:27:00]} 10. Nc4 {
[%clk 1:07:54]} 10... f6 {[%clk 1:23:03]} 11. Ne3 {[%clk 1:05:24]} 11... d5 {
[%clk 1:22:05]} 12. Nd2 {[%clk 0:58:20]} 12... Nc7 {[%clk 1:20:04]} 13. Qf3 {
[%clk 0:58:19]} 13... Be6 {[%clk 1:17:48]} 14. Nf5 {[%clk 0:55:10]} 14... Qd7 {
[%clk 1:15:48]} 15. Nxe7+ {[%clk 0:47:25]} 15... Qxe7 {[%clk 1:16:14]} 16. Qe3
{[%clk 0:47:40]} 16... d4 {[%clk 1:09:55]} 17. Qg3 {[%clk 0:42:14]} 17... Kh8 {
[%clk 1:07:38]} 18. O-O {[%clk 0:36:42]} 18... g5 {[%clk 1:03:53]} 19. f3 {
[%clk 0:34:33]} 19... Bd7 {[%clk 0:52:26]} 20. Qh2 {[%clk 0:33:22]} 20... Ne6 {
[%clk 0:51:56]} 21. g3 {[%clk 0:33:37]} 21... Rg8 {[%clk 0:48:22]} 22. Rf2 {
[%clk 0:32:02]} 22... Rg6 {[%clk 0:46:05]} 23. Kf1 {[%clk 0:27:59]} 23... Rh6 {
[%clk 0:44:35]} 24. Qh1 {[%clk 0:27:26]} 24... Ng7 {[%clk 0:42:54]} 25. Rh2 {
[%clk 0:27:31]} 25... Qe6 {[%clk 0:40:40]} 26. Ke2 {[%clk 0:23:31]} 26... f5 {
[%clk 0:38:09]} 27. exf5 {[%clk 0:22:48]} 27... Nxf5 {[%clk 0:38:19]} 28. Ne4 {
[%clk 0:23:14]} 28... Qd5 {[%clk 0:27:30]} 29. Qg1 {[%clk 0:21:17]} 29... Ne3 {
[%clk 0:24:36]} 30. Bc1 {[%clk 0:21:19]} 30... Nxc2 {[%clk 0:23:18]} 31. Bxg5 {
[%clk 0:21:14]} 31... Nxa1 {[%clk 0:18:29]} 32. Bxh6 {[%clk 0:21:38]} 32... Nc2
{[%clk 0:17:45]} 33. Qc1 {[%clk 0:19:02]} 33... Nb4 {[%clk 0:18:07]} 34. Qg5 {
[%clk 0:19:21]} 34... Qf7 {[%clk 0:16:47]} 35. Qxe5+ {[%clk 0:19:45]} 35... Kg8
{[%clk 0:17:12]} 36. Nf6+ {[%clk 0:20:00]} 1-0

[Event "ODJM A 2019"]
[Site "Willingen GER"]
[Date "2019.06.09"]
[Round "1"]
[White "Dietz, Florian"]
[Black "Matthes, Aaron"]
[Result "1-0"]
[Termination "normal"]
[Board "15"]
[WhiteElo "2139"]
[BlackElo "1791"]
[WhiteClock "00:09:31"]
[BlackClock "00:27:36"]
[PlyCount "71"]
[WhiteFideId "12939897"]
[BlackFideId "16227310"]
[EventCountry "GER"]
[EventRounds "9"]
[EventType "swiss"]
[EventDate "2019.06.08"]

1. e4 {[%clk 1:30:53]} 1... e6 {[%clk 1:30:56]} 2. d4 {[%clk 1:31:05]} 2... d5
{[%clk 1:31:20]} 3. Nd2 {[%clk 1:31:20]} 3... c5 {[%clk 1:31:45]} 4. exd5 {
[%clk 1:31:14]} 4... Qxd5 {[%clk 1:32:08]} 5. Ngf3 {[%clk 1:31:09]} 5... cxd4 {
[%clk 1:32:26]} 6. Bc4 {[%clk 1:31:27]} 6... Qd7 {[%clk 1:32:51]} 7. O-O {
[%clk 1:25:37]} 7... Nc6 {[%clk 1:33:02]} 8. Nb3 {[%clk 1:25:27]} 8... Nf6 {
[%clk 1:33:20]} 9. Nbxd4 {[%clk 1:24:12]} 9... Nxd4 {[%clk 1:33:39]} 10. Nxd4 {
[%clk 1:23:37]} 10... a6 {[%clk 1:34:05]} 11. a4 {[%clk 1:12:46]} 11... Bc5 {
[%clk 1:34:04]} 12. Nb3 {[%clk 1:11:49]} 12... Qxd1 {[%clk 1:29:56]} 13. Rxd1 {
[%clk 1:12:14]} 13... Ba7 {[%clk 1:30:20]} 14. Bf4 {[%clk 1:03:23]} 14... Ne4 {
[%clk 1:16:01]} 15. Rf1 {[%clk 0:52:57]} 15... Bd7 {[%clk 1:02:33]} 16. Bd3 {
[%clk 0:45:49]} 16... Nc5 {[%clk 0:50:58]} 17. Nxc5 {[%clk 0:40:16]} 17... Bxc5
{[%clk 0:50:19]} 18. c3 {[%clk 0:39:39]} 18... Rc8 {[%clk 0:43:49]} 19. Rfd1 {
[%clk 0:36:03]} 19... Bc6 {[%clk 0:41:16]} 20. b4 {[%clk 0:32:28]} 20... Be7 {
[%clk 0:41:40]} 21. b5 {[%clk 0:30:51]} 21... Bd5 {[%clk 0:39:55]} 22. c4 {
[%clk 0:27:46]} 22... Bxc4 {[%clk 0:36:31]} 23. Rac1 {[%clk 0:21:48]} 23...
axb5 {[%clk 0:36:56]} 24. axb5 {[%clk 0:22:04]} 24... e5 {[%clk 0:37:22]} 25.
Bxe5 {[%clk 0:20:59]} 25... f6 {[%clk 0:34:20]} 26. Bxf6 {[%clk 0:11:53]} 26...
Bxf6 {[%clk 0:34:44]} 27. Bxc4 {[%clk 0:12:09]} 27... Ke7 {[%clk 0:26:56]} 28.
Re1+ {[%clk 0:09:20]} 28... Kd6 {[%clk 0:26:48]} 29. Re6+ {[%clk 0:08:15]}
29... Kc7 {[%clk 0:25:14]} 30. Rxf6 {[%clk 0:07:19]} 30... gxf6 {[%clk 0:25:39]
} 31. Be6+ {[%clk 0:07:47]} 31... Kb8 {[%clk 0:26:01]} 32. Rxc8+ { [%clk
0:08:11]} 32... Rxc8 {[%clk 0:26:26]} 33. Bxc8 33... Kxc8 {[%clk 0:26:51] } 34.
g4 {[%clk 0:09:06]} 34... Kc7 {[%clk 0:27:15]} 35. f4 {[%clk 0:09:31]} 35...
Kb6 {[%clk 0:27:36]} 36. f5 1-0

[Event "ODJM A 2019"]
[Site "Willingen GER"]
[Date "2019.06.09"]
[Round "1"]
[White "Gluma, Christian"]
[Black "Stemmler, Fabian"]
[Result "1/2-1/2"]
[Termination "normal"]
[Board "16"]
[WhiteElo "1741"]
[BlackElo "2002"]
[WhiteClock "00:35:26"]
[BlackClock "00:04:28"]
[PlyCount "63"]
[WhiteFideId "16223209"]
[BlackFideId "12964808"]
[EventCountry "GER"]
[EventRounds "9"]
[EventType "swiss"]
[EventDate "2019.06.08"]

1. e4 e5 2. Nf3 Nc6 3. Bc4 Bc5 4. c3 Nf6 5. d4 exd4 6. O-O d5 7. exd5 Nxd5 8.
cxd4 Be7 9. Bxd5 Qxd5 10. Nc3 Qd8 11. d5 Nb8 12. Bf4 O-O 13. Nb5 Na6 14. Rc1 c6
15. d6 Bf6 16. Nc7 Nxc7 17. dxc7 Qxd1 18. Rcxd1 Be6 19. b3 Rac8 20. Nd4 Bxd4
21. Rxd4 f6 22. Re1 Bd5 23. Rd2 Rfe8 24. Rde2 Rxe2 25. Rxe2 Kf7 26. Bd6 Be6 27.
f4 Re8 28. h3 h5 29. Kf2 Bf5 30. Rd2 Rc8 31. Re2 Re8 32. Rd2 1/2-1/2

[Event "ODJM A 2019"]
[Site "Willingen GER"]
[Date "2019.06.09"]
[Round "1"]
[White "Wübker, Paul-Luca"]
[Black "Helmer, Jan"]
[Result "1-0"]
[Termination "normal"]
[Board "17"]
[WhiteElo "2035"]
[BlackElo "1900"]
[PlyCount "81"]
[WhiteFideId "12939528"]
[BlackFideId "12956686"]
[EventCountry "GER"]
[EventRounds "9"]
[EventType "swiss"]
[EventDate "2019.06.08"]

1. d4 f5 2. c4 e6 3. g3 Nf6 4. Bg2 Be7 5. Nf3 O-O 6. O-O d6 7. b3 h6 8. Bb2
Nbd7 9. Nc3 Ne4 10. Nxe4 fxe4 11. Ne1 d5 12. f3 exf3 13. exf3 Nf6 14. Nd3 Re8
15. Qc2 c6 16. c5 Bd7 17. Rae1 b6 18. Ba3 Qc8 19. Ne5 Qa6 20. Bc1 Bf8 21. Bh3
Qb7 22. Qg6 bxc5 23. Bxh6 Bc8 24. Bg5 Nh7 25. Bh4 Re7 26. Bxe7 Qxe7 27. Nxc6
Qf6 28. Qxf6 Nxf6 29. Bxe6+ Bxe6 30. Rxe6 cxd4 31. Nxd4 Bc5 32. Rd1 Kf7 33. Rc6
Bb6 34. Kg2 Re8 35. Rc2 g5 36. Nb5 Kg6 37. Nd6 Re6 38. Nc8 Be3 39. Rc7 d4 40.
Ne7+ Kh5 41. g4+ 1-0

[Event "ODJM A 2019"]
[Site "Willingen GER"]
[Date "2019.06.09"]
[Round "1"]
[White "Pahl, Theis"]
[Black "Savchenko, Daniel"]
[Result "0-1"]
[Termination "normal"]
[Board "18"]
[WhiteElo "2029"]
[BlackElo "2119"]
[PlyCount "66"]
[WhiteFideId "16201264"]
[BlackFideId "12919195"]
[EventCountry "GER"]
[EventRounds "9"]
[EventType "swiss"]
[EventDate "2019.06.08"]

1. e4 c5 2. Nc3 e6 3. Nge2 a6 4. a4 b6 5. g3 Bb7 6. Bg2 Be7 7. O-O d6 8. d4
cxd4 9. Nxd4 Nf6 10. Re1 Qc7 11. f4 Nbd7 12. Nb3 O-O 13. Be3 Rac8 14. Kh1 Rfd8
15. Qe2 Qc4 16. Bg1 d5 17. e5 Ne8 18. Rad1 Bb4 19. Qg4 Bxc3 20. bxc3 Qxc3 21.
Nd4 Nf8 22. f5 exf5 23. Qxf5 Qc7 24. Be3 g6 25. Qg4 Ng7 26. Bg5 Re8 27. Qe2
Nge6 28. Nxe6 Nxe6 29. Be3 Red8 30. Qf2 d4 31. Bxd4 Bxg2+ 32. Kxg2 Qxc2 33. Rc1
Nxd4 0-1

[Event "ODJM A 2019"]
[Site "Willingen GER"]
[Date "2019.06.09"]
[Round "1"]
[White "Garbuz, Vitaly"]
[Black "Fröhlich, Franziska"]
[Result "1-0"]
[Termination "normal"]
[Board "19"]
[WhiteElo "2051"]
[BlackElo "1820"]
[PlyCount "85"]
[WhiteFideId "12990710"]
[BlackFideId "12988596"]
[EventCountry "GER"]
[EventRounds "9"]
[EventType "swiss"]
[EventDate "2019.06.08"]

1. e4 e6 2. d4 d5 3. Nd2 Nf6 4. e5 Nfd7 5. f4 c5 6. c3 Nc6 7. Ndf3 Qb6 8. g3
Be7 9. Kf2 cxd4 10. cxd4 f6 11. Kg2 O-O 12. Bd3 fxe5 13. fxe5 Nxd4 14. Nxd4
Nxe5 15. Be2 Bc5 16. Ngf3 Ng4 17. h3 Nf6 18. Be3 e5 19. Nxe5 Re8 20. b4 Rxe5
21. bxc5 Qxc5 22. Rc1 Qb6 23. Bf4 Re8 24. Bf3 Bd7 25. Rb1 Qa6 26. Qb3 Rad8 27.
Qxb7 Qxa2+ 28. Qb2 Qc4 29. Rbc1 Qd3 30. Qc3 Qg6 31. Qa5 Kh8 32. Rhe1 Nh5 33.
Bc7 Rc8 34. Rxe8+ Rxe8 35. Qxd5 Nf6 36. Qc5 Qh6 37. g4 Qd2+ 38. Kh1 Qe3 39. Kg2
Ne4 40. Bxe4 Qxe4+ 41. Nf3 Bxg4 42. hxg4 Qxg4+ 43. Kf2 1-0

[Event "ODJM A 2019"]
[Site "Willingen GER"]
[Date "2019.06.09"]
[Round "1"]
[White "Reucker, Friedrich"]
[Black "von Estorff, Jacob"]
[Result "0-1"]
[Termination "normal"]
[Board "20"]
[WhiteElo "1939"]
[BlackElo "2041"]
[PlyCount "52"]
[WhiteFideId "12993670"]
[BlackFideId "12974501"]
[EventCountry "GER"]
[EventRounds "9"]
[EventType "swiss"]
[EventDate "2019.06.08"]

1. g3 Nf6 2. Nf3 d5 3. Bg2 c5 4. c4 d4 5. e3 Nc6 6. exd4 cxd4 7. O-O e6 8. d3
Bd6 9. Re1 O-O 10. Na3 Re8 11. Nc2 e5 12. b4 Nxb4 13. Nxb4 Bxb4 14. Rxe5 Rxe5
15. Nxe5 Qa5 16. Bf4 g5 17. Nc6 bxc6 18. Bxc6 Bg4 19. f3 Rc8 20. Bb7 gxf4 21.
Bxc8 Bxc8 22. g4 Bd2 23. Rb1 Be3+ 24. Kh1 Bd7 25. Qb3 Bc6 26. Rf1 Qe1 0-1

[Event "ODJM A 2019"]
[Site "Willingen GER"]
[Date "2019.06.09"]
[Round "1"]
[White "Biermann, Lenhard"]
[Black "Kamp, Adrian"]
[Result "1-0"]
[Termination "normal"]
[Board "21"]
[WhiteElo "2069"]
[BlackElo "1865"]
[PlyCount "63"]
[WhiteFideId "12970077"]
[BlackFideId "16222466"]
[EventCountry "GER"]
[EventRounds "9"]
[EventType "swiss"]
[EventDate "2019.06.08"]

1. d4 Nf6 2. c4 g6 3. Nc3 d5 4. cxd5 Nxd5 5. Bd2 Bg7 6. Nf3 O-O 7. e4 Nb6 8.
Be3 c5 9. d5 Bg4 10. h3 Bxf3 11. gxf3 N8d7 12. f4 Nc8 13. e5 Qa5 14. Bg2 Ncb6
15. O-O Rfd8 16. Qe2 Rab8 17. Rfd1 Qb4 18. Rac1 Qc4 19. Qc2 Bh6 20. Ne4 Qxc2
21. Rxc2 Rbc8 22. h4 f5 23. Ng5 Bxg5 24. hxg5 c4 25. d6 Nc5 26. Bxc5 Rxc5 27.
Bxb7 Rd7 28. Bf3 e6 29. Rdc1 Rd8 30. b4 Rb5 31. a3 Rc8 32. Bb7 1-0

[Event "ODJM A 2019"]
[Site "Willingen GER"]
[Date "2019.06.09"]
[Round "1"]
[White "Leser, Stefan"]
[Black "Korten, Lando"]
[Result "0-1"]
[Termination "normal"]
[Board "22"]
[WhiteElo "1779"]
[BlackElo "2127"]
[PlyCount "52"]
[WhiteFideId "12997706"]
[BlackFideId "12989606"]
[EventCountry "GER"]
[EventRounds "9"]
[EventType "swiss"]
[EventDate "2019.06.08"]

1. e4 c5 2. Nf3 d6 3. d4 cxd4 4. Nxd4 Nf6 5. Nc3 a6 6. Be3 e5 7. Nb3 Be6 8. f3
Qc7 9. Qd2 Nbd7 10. O-O-O b5 11. Kb1 Be7 12. g4 Nb6 13. Qf2 Nc4 14. Bxc4 bxc4
15. Bb6 Qb8 16. Na5 Bd8 17. Bxd8 Qxd8 18. Nb7 Qc7 19. Nxd6+ Kf8 20. g5 Nh5 21.
Rd2 g6 22. Rhd1 Kg7 23. Qh4 Rhb8 24. f4 Qa5 25. Ka1 Rxb2 26. Nxc4 Bxc4 0-1

[Event "ODJM A 2019"]
[Site "Willingen GER"]
[Date "2019.06.09"]
[Round "1"]
[White "Wachinger, David"]
[Black "Pepi, Lucas"]
[Result "1-0"]
[Termination "normal"]
[Board "23"]
[WhiteElo "2066"]
[BlackElo "1918"]
[PlyCount "39"]
[WhiteFideId "24692689"]
[BlackFideId "12944920"]
[EventCountry "GER"]
[EventRounds "9"]
[EventType "swiss"]
[EventDate "2019.06.08"]

1. d4 Nf6 2. c4 e5 3. dxe5 Ng4 4. Nf3 Bc5 5. e3 Nc6 6. b3 Ngxe5 7. Bb2 Qf6 8.
Nxe5 Nxe5 9. Nc3 Bb4 10. Rc1 d6 11. Be2 Bd7 12. O-O Bxc3 13. Bxc3 Bc6 14. f3 h5
15. b4 b6 16. c5 O-O-O 17. cxb6 axb6 18. Qc2 Rh6 19. Bxe5 dxe5 20. b5 1-0

[Event "ODJM A 2019"]
[Site "Willingen GER"]
[Date "2019.06.09"]
[Round "1"]
[White "Khachatryan, Taron"]
[Black "Dette, Jan"]
[Result "1/2-1/2"]
[Termination "normal"]
[Board "24"]
[WhiteElo "1900"]
[BlackElo "2116"]
[PlyCount "64"]
[WhiteFideId "16216598"]
[BlackFideId "12936677"]
[EventCountry "GER"]
[EventRounds "9"]
[EventType "swiss"]
[EventDate "2019.06.08"]

1. Nf3 c5 2. c4 Nf6 3. e3 g6 4. Nc3 Bg7 5. d4 O-O 6. Be2 cxd4 7. exd4 d5 8. Ne5
dxc4 9. Bxc4 Nbd7 10. f4 Nb6 11. Bb3 Nbd5 12. O-O Be6 13. Kh1 Rc8 14. Qf3 Nxc3
15. bxc3 Bd5 16. Bxd5 Qxd5 17. Qe3 b5 18. Re1 Rc7 19. a4 Rfc8 20. Bd2 a6 21.
axb5 axb5 22. Kg1 Ne8 23. Nd3 Nd6 24. Nb4 Qf5 25. Rec1 Nc4 26. Qe2 Bf8 27. Nd3
e6 28. Ne5 Bd6 29. Nxc4 Rxc4 30. Qe3 Qd5 31. Rab1 Ba3 32. Rd1 Rd8 1/2-1/2

[Event "ODJM A 2019"]
[Site "Willingen GER"]
[Date "2019.06.09"]
[Round "1"]
[White "Doll, Alexander"]
[Black "Brockmeyer, Tobias"]
[Result "1-0"]
[Termination "normal"]
[Board "25"]
[WhiteElo "1991"]
[BlackElo "1896"]
[PlyCount "91"]
[WhiteFideId "16228294"]
[BlackFideId "12982385"]
[EventCountry "GER"]
[EventRounds "9"]
[EventType "swiss"]
[EventDate "2019.06.08"]

1. e4 c5 2. Nf3 e6 3. d4 cxd4 4. Nxd4 Nc6 5. Nc3 Qc7 6. Qd3 Nxd4 7. Qxd4 a6 8.
Be3 d6 9. Be2 Nf6 10. O-O-O Be7 11. Kb1 b5 12. f3 Bb7 13. g4 e5 14. Qd2 Qc6 15.
g5 b4 16. Nb5 Nxe4 17. fxe4 axb5 18. Qd5 Qxd5 19. exd5 Ba6 20. Rhg1 Rb8 21. Rg4
Bc8 22. Rxb4 Bd7 23. a4 O-O 24. axb5 f5 25. gxf6 Bxf6 26. Ba7 Rb7 27. b6 Ra8
28. Ba6 Raxa7 29. bxa7 Rxa7 30. Rb7 Rxa6 31. Rxd7 h6 32. Rf1 Rb6 33. c3 e4 34.
Kc2 Be5 35. h3 Rb5 36. Re1 Rxd5 37. Rxe4 Rc5 38. c4 Kh7 39. b4 Rc8 40. Kd3 Kg6
41. Rxd6+ Bxd6 42. Re6+ Kh5 43. Rxd6 Kh4 44. c5 Kxh3 45. Rg6 Rb8 46. Kc4 1-0

[Event "ODJM A 2019"]
[Site "Willingen GER"]
[Date "2019.06.09"]
[Round "1"]
[White "Jurga, Jonas Vincent"]
[Black "Brunner, Tobias"]
[Result "0-1"]
[Termination "normal"]
[Board "26"]
[WhiteElo "1879"]
[BlackElo "2017"]
[PlyCount "134"]
[WhiteFideId "12968013"]
[BlackFideId "12949833"]
[EventCountry "GER"]
[EventRounds "9"]
[EventType "swiss"]
[EventDate "2019.06.08"]

1. e4 d5 2. exd5 Qxd5 3. Nf3 Nf6 4. Nc3 Qa5 5. Be2 c6 6. O-O Bf5 7. d4 e6 8. h3
Bd6 9. Nh4 Bg6 10. Nxg6 hxg6 11. Bf3 Nbd7 12. Re1 O-O-O 13. a3 Rh4 14. Be3 g5
15. b4 Qf5 16. Qd3 g4 17. hxg4 Rdh8 18. Kf1 Nxg4 19. Qxf5 exf5 20. Bxg4 Rxg4
21. g3 f4 22. gxf4 Bxf4 23. Rad1 Bxe3 24. fxe3 Nb6 25. d5 Rc4 26. Rd3 Nxd5 27.
Nxd5 cxd5 28. Rxd5 Rxc2 29. Kg1 Rd8 30. Rg5 g6 31. Rf1 Rd7 32. Ra5 Kb8 33. Re5
b6 34. Re8+ Rc8 35. Re4 Rc6 36. Ref4 f5 37. e4 fxe4 38. Rxe4 Rc3 39. a4 Rg3+
40. Kf2 Ra3 41. b5 Rf7+ 42. Kg2 Rxf1 43. Kxf1 Rf3+ 44. Kg2 Rf7 45. Kg3 Kb7 46.
Kg4 a6 47. Re6 axb5 48. axb5 Rf5 49. Rxg6 Rxb5 50. Kf4 Rd5 51. Ke4 Rd8 52. Ke3
Ka6 53. Ke2 Rd7 54. Rg5 b5 55. Rg8 Ka5 56. Ra8+ Kb4 57. Rb8 Ka4 58. Ra8+ Kb3
59. Rb8 b4 60. Ke3 Ka3 61. Ra8+ Kb2 62. Rb8 b3 63. Ke2 Ka2 64. Ra8+ Kb1 65. Rb8
b2 66. Ke3 Ra7 67. Rh8 Ka1 0-1

[Event "ODJM A 2019"]
[Site "Willingen GER"]
[Date "2019.06.09"]
[Round "1"]
[White "Parvanyan, Alfred"]
[Black "Müller, Magnus"]
[Result "1-0"]
[Termination "normal"]
[Board "27"]
[WhiteElo "2066"]
[BlackElo "1837"]
[PlyCount "97"]
[WhiteFideId "13305832"]
[BlackFideId "16230060"]
[EventCountry "GER"]
[EventRounds "9"]
[EventType "swiss"]
[EventDate "2019.06.08"]

1. d4 d5 2. c4 e6 3. Nc3 Bb4 4. e3 Nf6 5. Bd3 e5 6. dxe5 dxc4 7. Qa4+ Nc6 8.
Bxc4 Ne4 9. Qb3 O-O 10. Nf3 Qe7 11. O-O Bxc3 12. bxc3 Nxe5 13. Nxe5 Qxe5 14.
Rd1 Be6 15. Bxe6 Qxe6 16. Bb2 Nc5 17. Qb5 Qb6 18. c4 c6 19. Qxb6 axb6 20. Be5
Ra6 21. Bd6 Rfa8 22. Bxc5 bxc5 23. Rab1 Rxa2 24. Rxb7 Rc2 25. g3 g6 26. Rdd7
Rf8 27. Rbc7 Rxc4 28. Rxc6 Rc2 29. Kg2 Kg7 30. g4 g5 31. Rcc7 c4 32. Rd5 h6 33.
Kg3 c3 34. Rdc5 Ra8 35. Rxc3 Rxc3 36. Rxc3 Ra4 37. h4 gxh4+ 38. Kxh4 f5 39. f4
fxg4 40. Kxg4 Ra1 41. e4 Ra6 42. e5 Ra4 43. Kf5 Kf7 44. e6+ Ke7 45. Rc7+ Kd6
46. Rd7+ Kc6 47. Rd1 Ra8 48. e7 Re8 49. Ke6 1-0

[Event "ODJM A 2019"]
[Site "Willingen GER"]
[Date "2019.06.09"]
[Round "1"]
[White "Reimer, Philip"]
[Black "Brunner, Jan"]
[Result "1-0"]
[Termination "normal"]
[Board "28"]
[WhiteElo "1891"]
[BlackElo "2046"]
[PlyCount "49"]
[WhiteFideId "16235860"]
[BlackFideId "12981010"]
[EventCountry "GER"]
[EventRounds "9"]
[EventType "swiss"]
[EventDate "2019.06.08"]

1. e4 c5 2. Nf3 Nc6 3. d4 cxd4 4. Nxd4 Nf6 5. Nc3 d6 6. Bg5 e6 7. Qd2 Be7 8.
O-O-O Nxd4 9. Qxd4 O-O 10. f4 Qa5 11. Bc4 Bd7 12. e5 dxe5 13. fxe5 Bc6 14. Bd2
Nd7 15. Nd5 Qc5 16. Nxe7+ Qxe7 17. Rhe1 Nb6 18. Bf1 Rfd8 19. Qg4 Rd5 20. Bh6
Qf8 21. Bd3 Rad8 22. Re3 Kh8 23. Bg5 f5 24. exf6 gxf6 25. Qh4 1-0

[Event "ODJM A 2019"]
[Site "Willingen GER"]
[Date "2019.06.09"]
[Round "1"]
[White "Gerlach, Felix"]
[Black "Recktenwald, Cedric"]
[Result "1-0"]
[Termination "normal"]
[Board "29"]
[WhiteElo "2079"]
[BlackElo "1839"]
[PlyCount "21"]
[WhiteFideId "12957690"]
[BlackFideId "12971928"]
[EventCountry "GER"]
[EventRounds "9"]
[EventType "swiss"]
[EventDate "2019.06.08"]

1. c4 b6 2. Nc3 e6 3. Nf3 Nf6 4. g3 Bb7 5. Bg2 Be7 6. O-O O-O 7. b3 Ne4 8. Bb2
Bf6 9. Qc2 Na6 10. Nxe4 Bxb2 11. Neg5 1-0